00769nam a2200217Ia 4500003000400000005001700004008004100021020001800062040000700080041000800087082002400095100004400119245006400163260005200227300001200279365001300291906006700304942001200371999001900383952014900402OSt20230504113319.0210423s2004 xx 000 0 und d a9788176710596 cAL aeng a574.1925 223bPALT aPALMER (Trevor);BONNER (Philip).997586 aEnzymes: biochemistry biotechnology and clinical chemistry. aNew DelhibAffiliated East West Press Ltdc2004 axix,402 b495cINR abiochemistry ; biotechnology ; chemistry. ; clinical ; Enzymes 2ddccBK c163558d163558 001040708BIOCaSACPGbSACPGd2008-03-24eKnowledge Worldg495.00l5o574.1925 PALTpPG010054r2025-04-09 12:12:11s2025-04-09w2021-04-26yBK